000 00568nam a2200205Ia 4500
003 OSt
005 20230608160452.0
008 210423s2004 xx 000 0 und d
040 _cAL
082 _a323 SHRH
_223
100 _aSHRIVUSTAVA (Sudharani)
_9122848
245 _aHumanity and human rights
260 _aNew Delhi
_bAtlantic Publishers and Distributors
_c2004
300 _axi,202
365 _b450
_cINR
650 _aCivil & Political Rights
_9122849
650 _aPolitical Science
_9122850
906 _ahuman ; Humanity ; rights
942 _2ddc
_cBK
999 _c174082
_d174082